| 000 | 01081aam a2200337 4500 | ||
|---|---|---|---|
| 005 | 20220830101652.0 | ||
| 008 | 150320b xxu||||| |||| 00| 0 spa d | ||
| 041 | _aEspañol | ||
| 082 | _a005.74 M843s | ||
| 100 |
_aMoreno Jiménez, Antonio _918522 |
||
| 245 | _aSistemas y análisis de la información geográfica: manual de autoaprendizaje con ArcGIS | ||
| 260 |
_aMéxico _bAlfaomega _c2006 |
||
| 300 | _a895 páginas | ||
| 505 | _aContiene disco compacto N° 442 | ||
| 650 |
_aSISTEMAS DE INFORMACIÓN _912 |
||
| 650 |
_aARCGIS _918523 |
||
| 650 |
_aINFORMACIÓN GEOFRÁFICA _918524 |
||
| 650 |
_aARCCATALOG _918525 |
||
| 650 |
_aINFORMACIÓN CARTOGRÁFICA _918526 |
||
| 650 |
_aMETADATOS _918527 |
||
| 650 |
_aARCMAP _918528 |
||
| 650 |
_aDATOS GEOGRÁFICOS _918529 |
||
| 650 |
_aGESTIÓN DE DOCUMENTOS CARTOGRÁFICOS _918530 |
||
| 650 |
_aELABORACIÓN DE MAPAS _918531 |
||
| 650 |
_aCARTOGRAFÍA DIGITAL _918532 |
||
| 650 |
_aBASES DE DATOS _9907 |
||
| 650 |
_aREDES _92058 |
||
| 650 |
_aSIG _918533 |
||
| 650 |
_aANÁLISIS GEOESTADISTICO _918534 |
||
| 942 | _cBK | ||
| 999 |
_c2145 _d2145 |
||